India at the global high table : (Record no. 137814)
[ view plain ]
| 000 -LEADER | |
|---|---|
| fixed length control field | 00689nam a22002057a 4500 |
| 005 - DATE AND TIME OF LATEST TRANSACTION | |
| control field | 20170223154443.0 |
| 010 ## - LCCN (DPL NO) | |
| LC control number | ENG-117318 |
| 020 ## - INTERNATIONAL STANDARD BOOK NUMBER | |
| International Standard Book Number | 9789350297858 |
| Terms of availability | 599.00 |
| 035 ## - SYSTEM CONTROL NUMBER | |
| System control number | EN-100850 |
| 037 ## - SOURCE OF ACQUISITION | |
| Source of stock number/acquisition | DBAD/PUB |
| 082 ## - DEWEY DECIMAL CLASSIFICATION NUMBER | |
| Classification number | 327.54 |
| 100 ## - MAIN ENTRY--PERSONAL NAME | |
| Personal name | Schaffer,Teresita C, |
| 245 ## - TITLE STATEMENT | |
| Title | India at the global high table : |
| Remainder of title | the quest for regional primacy and strategic autonomy / |
| Statement of responsibility, etc | by Teresita C. Schaffer [and] Howard B. Schaffer |
| 260 ## - PUBLICATION, DISTRIBUTION, ETC. (IMPRINT) | |
| Place of publication, distribution, etc | Noida |
| Name of publisher, distributor, etc | HarperCollins Publishers |
| Date of publication, distribution, etc | 2016 |
| 270 ## - ADDRESS | |
| Address | A-75,Sector 57,Noida |
| City | Noida(UP) |
| Postal code | 201301 |
| 300 ## - PHYSICAL DESCRIPTION | |
| Extent | x,366p. |
| Dimensions | 23cm(pbk) |
| 500 ## - GENERAL NOTE | |
| General note | Includes index. |
| 700 ## - ADDED ENTRY--PERSONAL NAME | |
| Personal name | Schaffer,Howard B. |
| 942 ## - ADDED ENTRY ELEMENTS (KOHA) | |
| Source of classification or shelving scheme | Dewey Decimal Classification |
| Item type | English Books |
| Call number suffix | SCH |
| Classification part | 327.54 |
| Withdrawn status | Lost status | Not for loan | Collection code | Home library | Current library | Date acquired | Source of acquisition | Cost, normal purchase price | Full call number | Barcode | Copy number | Cost, replacement price | Koha item type |
|---|---|---|---|---|---|---|---|---|---|---|---|---|---|
| Not For Loan | Non-fiction | D.B.Act.Division | Bawana | 23/02/2017 | DBAD/PUB | 599.00 | 327.54 SCH | EN-100850 | 1 | 599.00 | English Books |
